[Event "IECC CL6-2007.08 email"]
[Site "IECC email"]
[Date "2007.07.14"]
[Round "?"]
[White "Ratliff, Charles"]
[Black "Manis, Ronald"]
[Result "0-1"]
[WhiteElo "1359"]
[BlackElo "1243"]
[PlyCount "50"]
[EventDate "2007.??.??"]
[EventType "tourn (corr)"]
[EventRounds "4"]
[SourceTitle "Corr 2011"]
[Source "ChessBase"]
[SourceDate "2010.08.31"]
[SourceVersion "1"]
[SourceVersionDate "2010.08.31"]
[SourceQuality "1"]
[WhiteTeam "Italy"]
[BlackTeam "Chile"]
[WhiteTeamCountry "ITA"]
[BlackTeamCountry "CHI"]

1. e4 g6 2. d4 Bg7 3. Nc3 c6 4. f4 d5 5. e5 h5 6. Bd3 Nh6 7. Nf3 Bf5 8. 0-0 Nd7 9. Ne2 Qb6 10. b3 0-0-0 11. a4 e6 12. a5 Qc7 13. Ba3 c5 14. a6 b6 15. c4 Bxd3 16. Qxd3 Nf5 17. cxd5 exd5 18. Rfc1 h4 19. dxc5 Nxc5 20. Bxc5 bxc5 21. Ned4 Nxd4 22. Nxd4 Bf8 23. Ra2 Qb6 24. b4 c4 25. b5 Bc5 0-1